|
|
|
|
| LEADER |
00000cam a2200000 c 4500 |
| 001 |
248705350 |
| 003 |
DE-627 |
| 005 |
20260206194342.0 |
| 007 |
tu |
| 008 |
980911s1998 gw ||||| 00| ||ger c |
| 015 |
|
|
|a 98,N39,0321
|2 dnb
|
| 015 |
|
|
|a 99,A21,0587
|2 dnb
|
| 016 |
7 |
|
|a 953943437
|2 DE-101
|
| 020 |
|
|
|a 3896914391
|c : DM 58.00, sfr 52.50, S 423.00 (kart.)
|9 3-89691-439-1
|
| 035 |
|
|
|a (DE-627)248705350
|
| 035 |
|
|
|a (DE-603)059805013
|
| 035 |
|
|
|a (DE-576)067065171
|
| 035 |
|
|
|a (DE-599)GBV248705350
|
| 035 |
|
|
|a (OCoLC)260121633
|
| 035 |
|
|
|a (OCoLC)41024224
|
| 035 |
|
|
|a (JUB)b1013508x
|
| 040 |
|
|
|a DE-627
|b ger
|c DE-627
|e rakwb
|
| 041 |
|
|
|a ger
|
| 044 |
|
|
|c XA-DE
|
| 050 |
|
0 |
|a HV6453.G3
|
| 084 |
|
|
|a 19
|a 20
|2 sdnb
|
| 084 |
|
|
|a PH 8480
|2 rvk
|0 (DE-625)rvk/136505:
|
| 084 |
|
|
|a PH 8470
|2 rvk
|0 (DE-625)rvk/136504:
|
| 084 |
|
|
|a 86.41
|2 bkl
|
| 084 |
|
|
|a 71.65
|2 bkl
|
| 084 |
|
|
|a 89.40
|2 bkl
|
| 100 |
1 |
|
|a Pütter, Norbert
|d 1956-
|0 (DE-588)120557584
|0 (DE-627)080746330
|0 (DE-576)165401117
|4 aut
|
| 109 |
|
|
|a Pütter, Norbert 1956-
|
| 245 |
1 |
4 |
|a Der OK-Komplex
|b organisierte Kriminalität und ihre Folgen für die Polizei in Deutschland
|c Norbert Pütter
|
| 250 |
|
|
|a 1. Aufl.
|
| 264 |
|
1 |
|a Münster
|b Verl. Westfälisches Dampfboot
|c 1998
|
| 300 |
|
|
|a 450 S
|c 21 cm
|
| 336 |
|
|
|a Text
|b txt
|2 rdacontent
|
| 337 |
|
|
|a ohne Hilfsmittel zu benutzen
|b n
|2 rdamedia
|
| 338 |
|
|
|a Band
|b nc
|2 rdacarrier
|
| 500 |
|
|
|a Literaturverz. S. 429 - 450
|
| 505 |
8 |
|
|a Literaturverz. S. 429 - 450
|
| 505 |
8 |
|
|a Literaturverz. S. 429 - 450
|
| 653 |
|
0 |
|a Organized crime
|a Germany
|
| 689 |
0 |
0 |
|d g
|0 (DE-588)4011882-4
|0 (DE-627)104704861
|0 (DE-576)208896155
|a Deutschland
|2 gnd
|
| 689 |
0 |
1 |
|d s
|0 (DE-588)4043830-2
|0 (DE-627)104189177
|0 (DE-576)209057513
|a Organisiertes Verbrechen
|2 gnd
|
| 689 |
0 |
2 |
|d s
|0 (DE-588)4070924-3
|0 (DE-627)104501367
|0 (DE-576)209182296
|a Ermittlung
|2 gnd
|
| 689 |
0 |
|
|5 DE-101
|
| 889 |
|
|
|w (DE-627)248437739
|
| 889 |
|
|
|w (DE-627)323235409
|
| 935 |
|
|
|i mdedup
|
| 935 |
|
|
|i Blocktest
|
| 935 |
|
|
|h HEB
|i 0501
|
| 935 |
|
|
|h HEB
|i 0503
|
| 936 |
r |
v |
|a PH 8480
|b Kriminalität einzelner Schichten; Kriminalität im Betrieb, Kriminalität am Arbeitsplatz, Kriminalität in der Bundeswehr; (hier auch Korruption / Bestechung am Arbeitsplatz)
|k Rechtswissenschaft
|k Strafrecht, Strafverfahrensrecht, Kriminologie
|k Kriminologie
|k Soziale Profile; Soziale Gruppen; Tätergemeinschaften (hier auch: Internationale Kriminalität)
|k Kriminalität einzelner Schichten; Kriminalität im Betrieb, Kriminalität am Arbeitsplatz, Kriminalität in der Bundeswehr; (hier auch Korruption / Bestechung am Arbeitsplatz)
|0 (DE-627)127195480X
|0 (DE-625)rvk/136505:
|0 (DE-576)20195480X
|
| 936 |
r |
v |
|a PH 8470
|b Organisiertes Verbrechen
|k Rechtswissenschaft
|k Strafrecht, Strafverfahrensrecht, Kriminologie
|k Kriminologie
|k Soziale Profile; Soziale Gruppen; Tätergemeinschaften (hier auch: Internationale Kriminalität)
|k Organisiertes Verbrechen
|0 (DE-627)1271949881
|0 (DE-625)rvk/136504:
|0 (DE-576)201949881
|
| 936 |
b |
k |
|a 86.41
|j Kriminologie
|0 (DE-627)181572001
|
| 936 |
b |
k |
|a 71.65
|j Kriminalität als soziales Problem
|0 (DE-627)106412248
|
| 936 |
b |
k |
|a 89.40
|j Innere Beziehungen des Staates: Allgemeines
|0 (DE-627)106414100
|
| 936 |
s |
n |
|a p100
|2 mzub
|
| 936 |
s |
n |
|a m100
|2 mzub
|
| 951 |
|
|
|a BO
|
| ELC |
|
|
|b 1
|
| LOK |
|
|
|0 000 xxxxxcx a22 zn 4500
|
| LOK |
|
|
|0 001 3257905068
|
| LOK |
|
|
|0 003 DE-627
|
| LOK |
|
|
|0 004 248705350
|
| LOK |
|
|
|0 005 20011121000000
|
| LOK |
|
|
|0 008 990514||||||||||||||||ger|||||||
|
| LOK |
|
|
|0 040
|a DE-21-110
|c DE-627
|d DE-21-110
|
| LOK |
|
|
|0 852
|a DE-21-110
|
| LOK |
|
|
|0 852 1
|c B V 151
|m p
|9 00
|
| LOK |
|
|
|0 935
|a k110
|
| LOK |
|
|
|0 936ln
|a 11.3
|
| LOK |
|
|
|0 938
|k p
|
| LOK |
|
|
|0 939
|a 14-05-99
|b l01
|
| ORI |
|
|
|a SA-MARC-krimdoka001.raw
|
| SIG |
|
|
|a IFK: B V 151
|
| TIM |
|
|
|a 100019901003_100020261231
|b 1990-10-03 - 2026
|